01411naa#a2200193#i#4500001001600000005001700016011001400033100004100047101000800088102000700096200051100103210030700614215001100921608004500932675010000977686006401077700005201141856002401193RU\\bibl\11833420260515085821.5##a2782-6678##a20250829b2025####ek#y0rusy0150####ca0#aRUS##aRU1#aВлияние состава выборок аэрокосмических изображений ДЗЗ высокого и сверхвысокого пространственного разрешения на обучение и точность нейронных сетей при семантической сегментации геополей на примере распознавания различных классов земной поверхностиeЖурнальная статья1#aМоскваcФедеральное государственное бюджетное образовательное учреждение высшего образования "Московский государственный университет геодезии и картографии"d2025##a27 с.##aЖурнальная статья2local##aДистанционное зондирование. Методы и приборы. 528.8zRUS##aИскусственный интеллект. 28.232grnti#1aБирюковgНикита Андреевич4#amiigaik.editorum.ru